El Sistema internacional y América Latina

Kaydedildi:
Detaylı Bibliyografya
Yazar: Russell, Roberto
Materyal Türü: Bilinmiyor
Baskı/Yayın Bilgisi: s.l: Rial-GEL
Etiketler: Etiketle
Etiket eklenmemiş, İlk siz ekleyin!

MARC

LEADER 00000 a2200000 04500
001 23584
003
008 991231s d
040
090 |a 168500  
100 |a Russell, Roberto  
245 |a El Sistema internacional y América Latina  
260 |a s.l:   |b Rial-GEL  
999 |c 11457  |d 11457